000 00988nam a22002537a 4500
005 20170124103046.0
010 _aB-158123
020 _c180.00
035 _aB-158123
037 _bCen Lib/Ret
040 _aDPL
_bHN
082 _a
_bकोटडि
100 _aकोटडिया, गुलाबचंद
_968969
245 _aविधि का विधान /
_c गुलाबचंद कोटडिया
246 _aVidhi ka vidhan
_bby Gulabchand Kotdiya
260 _aचेन्नई
_bगुलाब प्रकाशन
_c2005
270 _a469, मिनट स्ट्रीट
_bचेन्नई
_e600079
300 _a161पृष्ठ. :
_c20सेमी(सजिल्द)
_bचित्र.
650 _aहिंदी साहित्य
_968970
650 _aहिंदी कहानी
_968971
650 _aHindi literature
_968972
650 _aHindi story
_943117
942 _2ddc
_cHN
_h
_mकोटडि
999 _c116917
_d116917